01086nam a2200253 i 450000100060000000300090000600500170001500700030003200800410003511101080007624501540018426000390033830000220037749000510039965000340045070000290048470000310051370000290054470000290057383000590060285200320066199900170069395201220071080632ES-MaACL20230906174247.0t|041029s1971 sp ||||1| spa d2 aConference on Social Implications of Industrialization and Technical Change (d1960. cChicago)916885710aIndustrialización y sociedad / cpor Bert F. Hoselitz, Wilbert E. Moore ; presentado por José C. Castillo... [Traducción por Miguel Bilbatua]. aMadrid : bEuroamérica, c[1971] a588 p. ; c22 cm.1 aColección Fundación Foessa. Serie Estudios 4aDesarrollo industrial.9118051 aMoore, Wilbert E.9828331 aCastillo, José C.9366961 aBibaltua, Miguel.9287620 aHoselitz, Bert F.9642790 aColección Fundación Foessa. Serie Estudios9183672 aES-MaACLjC-38256 bR.78496 c80632d80632 00104070aATENEOMbATENEOMcDEPO2d2008-01-17eSCl0oC-38256p1084301r2023-02-23 00:00:00w2023-02-23yMONOGRAFIA